| 000 | 01801nam a2200361 a 4500 | ||
|---|---|---|---|
| 003 | BLK | ||
| 005 | 20231212163555.0 | ||
| 008 | 230821b bul|||||r ||||||| ||bul|| | ||
| 020 | _a9789547522251 | ||
| 040 | _aBLK | ||
| 041 |
_aBUL _cBUL |
||
| 080 |
_aВоенноморски флот - Персонал и организация. Служби. Части, принадлежащи към военно-морския флот - морска пехота, морскаартилерия и въздушни сили;технически служби в морския флот;санитарна служба _b359 _x(497.2)(091) _z359(497.2)(091) _9229548 |
||
| 084 | _aП 20 | ||
| 100 |
_aПанчелиев, Калоян Росенов _9433490 |
||
| 245 | 1 | 0 |
_aБългарските кораби _bТ. 2, кн. 1. Дунавската част в Първата световна война : Колубарският капан _cКалоян Панчелиев, Преслав Панчелиев |
| 257 | _aBGR | ||
| 260 |
_aСофия _bЕър груп 2000 _c2023 _f([София] : Дайрект Сървисиз) |
||
| 300 |
_a346 с. _bс ил., сх., к. _c23 см |
||
| 380 | _a3 | ||
| 504 | _aБиблиогр. с. 232-236 | ||
| 650 | 4 |
_aКораби, военни - България _9311066 |
|
| 653 | _aкораби | ||
| 653 | _aвоенни кораби | ||
| 653 |
_aДунавска военна флотилия _9486970 |
||
| 700 |
_9489036 _aПанчелиев, Преслав Росенов |
||
| 852 |
_bК _c355/359/П 20 К |
||
| 856 | 4 | _qpdf | |
| 856 | 4 | _qpdf | |
| 942 |
_cKNG _n0 _01 |
||
| 944 |
_cГеновева Генчева _k30558 _lВаля Йорданова |
||
| 999 |
_c494881 _d494881 |
||
| 999 | _d494881 | ||